Trouve le prénom Harry Potter commence par la lettre F #5 - Statistiques

Statistiques générales
  • Ce quiz a été pris 191 fois
    161 depuis la dernière actualisation
  • Le résultat moyen est 6 sur 8
Statistiques - réponses
Hint Nom de famille Réponse % Correct
1 W Fred
96%
4 Londubat Franck
93%
5 Phenix Fumseck
92%
6 Centaure Firenze
89%
8 Fortarôme Florian
56%
2 F Filius
55%
7 D Fleur
45%
3 G Fenrir
35%
Aucun quiz correspondant
Distribution des résultats
% des personnes avec chaque résultat
Percentile par nombre de réponses
Votre historique - résultats
Vous n’avez pas pris ce quiz depuis la dernière actualisation